[Event "Cap d'Agde Karpov Blitz m"]
[Site "Cap d'Agde"]
[Date "2021.11.03"]
[Round "2"]
[White "Karpov, Anatoly"]
[Black "Maurizzi, Marc Andria"]
[Result "0-1"]
[WhiteElo "2617"]
[BlackElo "2496"]
[PlyCount "114"]
[EventDate "2021.11.03"]
[EventType "match (blitz)"]
[EventRounds "4"]
[EventCountry "FRA"]
[SourceTitle "CBM 205 Extra"]
[Source "ChessBase"]
[SourceDate "2022.01.31"]
[SourceVersion "1"]
[SourceVersionDate "2022.01.31"]
[SourceQuality "1"]

1. d4 Nf6 2. c4 e6 3. Nf3 b6 4. g3 Bb4+ 5. Nbd2 Bb7 6. Bg2 0-0 7. 0-0 c5 8. a3 Bxd2 9. Qxd2 cxd4 10. Qxd4 Nc6 11. Qh4 Rc8 12. b4 Ne7 13. Bb2 Nf5 14. Qf4 Qc7 15. Qxc7 Rxc7 16. Nd2 Bxg2 17. Kxg2 d6 18. e4 Ne7 19. Rac1 Rfc8 20. Rfe1 e5 21. f3 Ne8 22. Kf2 f6 23. Ke3 Kf7 24. Kd3 a5 25. Bc3 Nc6 26. Rc2 axb4 27. axb4 Ra7 28. Rb1 Ra3 29. Nb3 Ke6 30. b5 Ne7 31. Bb4 Ra4 32. Bd2 f5 33. Be3 fxe4+ 34. fxe4 Rb8 35. Ra1 Rxa1 36. Nxa1 Ra8 37. Nb3 Nc8 38. Kc3 Nf6 39. Kb2 Nxe4 40. g4 Nc5 41. Rd2 Ra4 42. Kc3 Ra3 43. Bxc5 dxc5 44. Rd8 Nd6 45. Rg8 Ra4 46. Nd2 Ra3+ 47. Kb2 Rh3 48. Rxg7 Rxh2 49. Kc1 e4 50. Kd1 e3 51. Nf3 Rf2 52. Ng5+ Ke5 53. Rxh7 Nxc4 54. Re7+ Kd4 55. Ne6+ Kc3 56. g5 Nb2+ 57. Ke1 Nd3+ 0-1

[Event "Cap d'Agde Karpov Rapid m"]
[Site "Cap d'Agde"]
[Date "2021.11.02"]
[Round "4"]
[White "Maurizzi, Marc Andria"]
[Black "Karpov, Anatoly"]
[Result "0-1"]
[WhiteElo "2496"]
[BlackElo "2617"]
[PlyCount "118"]
[EventDate "2021.11.01"]
[EventType "match (rapid)"]
[EventRounds "4"]
[EventCountry "FRA"]
[SourceTitle "CBM 205 Extra"]
[Source "ChessBase"]
[SourceDate "2022.01.31"]
[SourceVersion "1"]
[SourceVersionDate "2022.01.31"]
[SourceQuality "1"]

1. e4 e5 2. Nf3 Nc6 3. Bb5 a6 4. Ba4 Nf6 5. Nc3 b5 6. Bb3 Be7 7. a4 Rb8 8. axb5 axb5 9. d3 d6 10. Nd5 Nxd5 11. Bxd5 Bb7 12. h4 h6 13. Be3 Bf6 14. g4 Qd7 15. Rg1 g6 16. g5 hxg5 17. Nxg5 Nd8 18. Qf3 Qe7 19. Bb3 Bc8 20. Ra7 Be6 21. Rxc7 Qxc7 22. Qxf6 Rf8 23. Nxe6 fxe6 24. Qxg6+ Qf7 25. Qh6 Rg8 26. Rxg8+ Qxg8 27. Bg5 Kd7 28. Qf6 Qf7 29. Ke2 Qxf6 30. Bxf6 Nc6 31. c3 Rf8 32. Bg5 Ne7 33. Ke3 Ng6 34. h5 Nf4 35. Bd1 Nh3 36. Bh4 Nf4 37. Bg5 Nh3 38. Bh6 Rxf2 39. Bg4 Rh2 40. d4 exd4+ 41. cxd4 Rxb2 42. d5 Ke7 43. dxe6 Rg2 44. Bf5 b4 45. Kf3 Rg1 46. Be3 Rh1 47. h6 b3 48. h7 b2 49. e5 Rf1+ 50. Kg4 Rxf5 51. h8Q b1Q 52. exd6+ Kxd6 53. Qd8+ Ke5 54. Bd4+ Ke4 55. e7 Qd1+ 56. Kh4 Rf4+ 57. Kg3 Qe1+ 58. Kh2 Qe2+ 59. Kxh3 Qf3+ 0-1

[Event "Moscow Smyslov Region Group Cup"]
[Site "Moscow"]
[Date "2021.08.16"]
[Round "7"]
[White "Karpov, Anatoly"]
[Black "Zvjaginsev, Vadim"]
[Result "1/2-1/2"]
[WhiteElo "2617"]
[BlackElo "2608"]
[PlyCount "57"]
[EventDate "2021.08.16"]
[EventType "swiss (blitz)"]
[EventRounds "14"]
[EventCountry "RUS"]
[SourceTitle "CBM 203 Extra"]
[Source "ChessBase"]
[SourceDate "2021.09.30"]
[SourceVersion "1"]
[SourceVersionDate "2021.09.30"]
[SourceQuality "1"]

1. d4 g6 2. g3 Bg7 3. Bg2 d6 4. Nf3 Nf6 5. 0-0 0-0 6. c4 Bf5 7. Nc3 Ne4 8. Nxe4 Bxe4 9. Be3 d5 10. Qb3 dxc4 11. Qxc4 Nd7 12. Rac1 c6 13. Rfd1 Qa5 14. a3 Rac8 15. Bd2 Qb6 16. Bc3 e6 17. Nd2 Bxg2 18. Kxg2 c5 19. d5 exd5 20. Qxd5 Bxc3 21. Rxc3 Nf6 22. Qf3 Rfd8 23. Nc4 Qa6 24. Rxd8+ Rxd8 25. Ne5 Qe6 26. Nd3 b6 27. Nf4 Qe4 28. Qxe4 Nxe4 29. Re3 1/2-1/2

[Event "Moscow Smyslov Region Group Cup"]
[Site "Moscow"]
[Date "2021.08.16"]
[Round "13"]
[White "Matlakov, Maxim"]
[Black "Karpov, Anatoly"]
[Result "0-1"]
[WhiteElo "2680"]
[BlackElo "2617"]
[PlyCount "84"]
[EventDate "2021.08.16"]
[EventType "swiss (blitz)"]
[EventRounds "14"]
[EventCountry "RUS"]
[SourceTitle "CBM 203 Extra"]
[Source "ChessBase"]
[SourceDate "2021.09.30"]
[SourceVersion "1"]
[SourceVersionDate "2021.09.30"]
[SourceQuality "1"]

1. e4 e5 2. Nf3 Nc6 3. Bb5 a6 4. Ba4 Nf6 5. 0-0 Be7 6. Re1 b5 7. Bb3 d6 8. a4 Bb7 9. d3 Na5 10. Ba2 c5 11. Nbd2 0-0 12. Nf1 Bc8 13. c3 c4 14. Bg5 Be6 15. Ne3 Qc7 16. Nh4 h6 17. Bxf6 Bxf6 18. Nhf5 Bg5 19. axb5 axb5 20. dxc4 Bxe3 21. Rxe3 bxc4 22. Rg3 Bxf5 23. exf5 f6 24. Bb1 Kh8 25. Be4 Rab8 26. Qe2 Rb5 27. h3 Rfb8 28. Qh5 d5 29. Bf3 e4 30. Bd1 Rxb2 31. Rxa5 Qxa5 32. Rxg7 Kxg7 33. Qg6+ Kf8 34. Qxf6+ Ke8 35. Qe6+ Kd8 36. f6 Qc7 37. Qg8+ Kd7 38. Qxd5+ Qd6 39. Bg4+ Kc7 40. Qxc4+ Kb6 41. g3 Qxf6 42. Qf1 Rf8 0-1

[Event "Moscow Smyslov Region Group Cup"]
[Site "Moscow"]
[Date "2021.08.16"]
[Round "3"]
[White "Potkin, Vladimir"]
[Black "Karpov, Anatoly"]
[Result "1/2-1/2"]
[WhiteElo "2571"]
[BlackElo "2617"]
[PlyCount "69"]
[EventDate "2021.08.16"]
[EventType "swiss (blitz)"]
[EventRounds "14"]
[EventCountry "RUS"]
[SourceTitle "CBM 203 Extra"]
[Source "ChessBase"]
[SourceDate "2021.09.30"]
[SourceVersion "1"]
[SourceVersionDate "2021.09.30"]
[SourceQuality "1"]

1. c4 Nf6 2. Nc3 e5 3. Nf3 Nc6 4. g3 Bb4 5. Bg2 0-0 6. 0-0 Re8 7. d3 Bxc3 8. bxc3 e4 9. Nd4 h6 10. Bf4 d6 11. Rb1 Qe7 12. Qd2 Ne5 13. h3 c5 14. Nc2 Bf5 15. Ne3 Bh7 16. Bxe5 dxe5 17. Nd5 Nxd5 18. cxd5 exd3 19. exd3 c4 20. Be4 f5 21. Bg2 f4 22. Be4 Bxe4 23. dxe4 b6 24. gxf4 exf4 25. Qxf4 Qxe4 26. Qxe4 Rxe4 27. Rfe1 Rae8 28. Rxe4 Rxe4 29. a4 Re5 30. Rb5 Kf7 31. a5 Re1+ 32. Kg2 Rc1 33. axb6 axb6 34. Rxb6 Rxc3 35. Rc6 1/2-1/2

[Event "Leiden Noteboom 80th"]
[Site "Leiden"]
[Date "2020.03.01"]
[Round "5"]
[White "Karpov, Anatoly"]
[Black "Nikolic, Predrag"]
[Result "1/2-1/2"]
[WhiteElo "2617"]
[BlackElo "2571"]
[PlyCount "84"]
[EventDate "2020.02.28"]
[EventType "tourn (rapid)"]
[EventRounds "6"]
[EventCountry "NED"]
[EventCategory "13"]
[SourceTitle "CBM 195 Extra"]
[Source "ChessBase"]
[SourceDate "2020.05.31"]
[SourceVersion "1"]
[SourceVersionDate "2020.05.31"]
[SourceQuality "1"]

1. d4 f5 2. g3 Nf6 3. Bg2 e6 4. c4 d5 5. Nf3 Bd6 6. Qc2 0-0 7. 0-0 b6 8. b3 Ne4 9. Ba3 Bb7 10. Bxd6 cxd6 11. cxd5 Bxd5 12. Rc1 Nd7 13. Nc3 Rc8 14. Qb2 Nxc3 15. Rxc3 Nf6 16. Rac1 Qd7 17. Ne1 Bxg2 18. Nxg2 Nd5 19. R3c2 h6 20. Ne1 Rxc2 21. Qxc2 Nb4 22. Qd2 Nd5 23. Qc2 Nb4 24. Qd2 Nd5 25. Nd3 Rc8 26. f3 Rc7 27. Kf2 Qc8 28. Rxc7 Qxc7 29. a4 e5 30. Nb4 Nxb4 31. Qxb4 Kf7 32. Qb5 Kf6 33. Qd5 exd4 34. Qxd4+ Ke6 35. b4 a5 36. bxa5 bxa5 37. Qe3+ Kf6 38. Qe8 Qc5+ 39. Kf1 Qc1+ 40. Kg2 Qc5 41. Qf8+ Kg6 42. Qe8+ Kf6 1/2-1/2

[Event "Leiden Noteboom 80th"]
[Site "Leiden"]
[Date "2020.02.28"]
[Round "1"]
[White "Karpov, Anatoly"]
[Black "Timman, Jan H"]
[Result "1/2-1/2"]
[WhiteElo "2617"]
[BlackElo "2532"]
[PlyCount "100"]
[EventDate "2020.02.28"]
[EventType "tourn (rapid)"]
[EventRounds "6"]
[EventCountry "NED"]
[EventCategory "13"]
[SourceTitle "CBM 195 Extra"]
[Source "ChessBase"]
[SourceDate "2020.05.31"]
[SourceVersion "1"]
[SourceVersionDate "2020.05.31"]
[SourceQuality "1"]

1. d4 Nf6 2. c4 e6 3. Nc3 Bb4 4. Qc2 0-0 5. a3 Bxc3+ 6. Qxc3 d5 7. Bg5 dxc4 8. Qxc4 b6 9. Rd1 Ba6 10. Qc2 Nbd7 11. e4 Bxf1 12. Kxf1 h6 13. Bh4 Qc8 14. f3 c5 15. Ne2 Qa6 16. Qd3 Qxd3 17. Rxd3 cxd4 18. Rxd4 Rfc8 19. Nc3 Ne5 20. Ke2 Nh5 21. Bg3 Nc4 22. Nd1 b5 23. Rf1 Rd8 24. Rd3 Rac8 25. Rf2 f5 26. exf5 exf5 27. f4 Nf6 28. Rff3 Re8+ 29. Kf1 Ne4 30. Be1 Rcd8 31. Rh3 a6 32. Rxd8 Rxd8 33. Ne3 Rd3 34. Nxc4 bxc4 35. Bc3 Rxh3 36. gxh3 Nxc3 37. bxc3 g5 38. fxg5 hxg5 39. Kf2 Kf7 40. Kg3 Kg6 41. h4 g4 42. Kf4 Kh5 43. Kxf5 Kxh4 44. a4 a5 45. Kf4 Kh3 46. Kf5 Kh4 47. Ke4 Kh3 48. Kf4 Kh4 49. Kf5 Kh3 50. Kf4 Kh4 1/2-1/2

[Event "Platja d'Aro Legends blitz"]
[Site "Platja d'Aro"]
[Date "2019.06.29"]
[Round "1"]
[White "Romanishin, Oleg M"]
[Black "Karpov, Anatoly"]
[Result "0-1"]
[WhiteElo "2451"]
[BlackElo "2617"]
[PlyCount "60"]
[EventDate "2019.06.29"]
[EventType "tourn (blitz)"]
[EventRounds "12"]
[EventCountry "ESP"]
[EventCategory "12"]
[SourceTitle "CBM 191 Extra"]
[Source "ChessBase"]
[SourceDate "2019.09.30"]
[SourceVersion "1"]
[SourceVersionDate "2019.09.30"]
[SourceQuality "1"]

1. Nf3 Nf6 2. g3 b6 3. d4 Bb7 4. c4 e6 5. Bg2 Be7 6. Nc3 Ne4 7. Bd2 0-0 8. Qc2 Nxd2 9. Qxd2 Bf6 10. Rd1 d6 11. Qc2 g6 12. h4 Nd7 13. h5 Qe7 14. Kf1 d5 15. hxg6 hxg6 16. Nh4 c6 17. e4 dxe4 18. Bxe4 Bg7 19. Qe2 Nf6 20. Bg2 Rfe8 21. Nf3 c5 22. Ne5 Rac8 23. Rh4 Red8 24. Kg1 g5 25. Bxb7 Qxb7 26. Rh2 Rxd4 27. Rxd4 cxd4 28. Nb5 Qe4 29. Qxe4 Nxe4 30. Nf3 Rxc4 0-1

[Event "Platja d'Aro Legends blitz"]
[Site "Platja d'Aro"]
[Date "2019.06.29"]
[Round "3"]
[White "Vaganian, Rafael A"]
[Black "Karpov, Anatoly"]
[Result "1/2-1/2"]
[WhiteElo "2526"]
[BlackElo "2617"]
[PlyCount "56"]
[EventDate "2019.06.29"]
[EventType "tourn (blitz)"]
[EventRounds "12"]
[EventCountry "ESP"]
[EventCategory "12"]
[SourceTitle "CBM 191 Extra"]
[Source "ChessBase"]
[SourceDate "2019.09.30"]
[SourceVersion "1"]
[SourceVersionDate "2019.09.30"]
[SourceQuality "1"]

1. Nf3 Nf6 2. d4 e6 3. e3 c5 4. Bd3 b6 5. 0-0 Bb7 6. c4 Be7 7. Nc3 d5 8. dxc5 bxc5 9. cxd5 exd5 10. b3 0-0 11. Bb2 Nbd7 12. Rc1 Nb6 13. Ne2 Ne4 14. Qc2 a5 15. Nf4 Qd6 16. Bxe4 dxe4 17. Rfd1 Qc7 18. Nd2 Qc6 19. Nc4 Nxc4 20. Qxc4 Rfd8 21. Nh5 Bf8 22. Rxd8 Rxd8 23. Qc3 Rd3 24. Qxa5 Qd5 25. Ng3 Rd2 26. Bd4 Rd3 27. Bb2 Rd2 28. Bd4 Rd3 1/2-1/2

[Event "Platja d'Aro Legends rapid"]
[Site "Platja d'Aro"]
[Date "2019.06.28"]
[Round "5"]
[White "Karpov, Anatoly"]
[Black "Vaganian, Rafael A"]
[Result "1/2-1/2"]
[WhiteElo "2617"]
[BlackElo "2526"]
[PlyCount "96"]
[EventDate "2019.06.25"]
[EventType "tourn (rapid)"]
[EventRounds "12"]
[EventCountry "ESP"]
[EventCategory "12"]
[SourceTitle "CBM 191 Extra"]
[Source "ChessBase"]
[SourceDate "2019.09.30"]
[SourceVersion "1"]
[SourceVersionDate "2019.09.30"]
[SourceQuality "1"]

1. d4 d5 2. c4 e6 3. Nf3 Nf6 4. Nc3 Be7 5. Bg5 h6 6. Bh4 0-0 7. e3 Ne4 8. Bxe7 Qxe7 9. cxd5 Nxc3 10. bxc3 exd5 11. Qb3 Rd8 12. c4 dxc4 13. Bxc4 Nc6 14. Be2 b6 15. 0-0 Bb7 16. a3 Rd6 17. Rfd1 Rad8 18. Rac1 Na5 19. Qc3 c5 20. dxc5 Rxd1+ 21. Rxd1 Rxd1+ 22. Bxd1 Qxc5 23. Qxc5 bxc5 24. Nd2 Kf8 25. f3 Bd5 26. Kf2 Ke7 27. Be2 f5 28. Bd3 Ke6 29. Bc2 Ba2 30. g3 Nc4 31. Nxc4 Bxc4 32. h4 g5 33. hxg5 hxg5 34. Ke1 Ke5 35. f4+ gxf4 36. gxf4+ Ke6 37. e4 fxe4 38. Bxe4 Bd5 39. Bc2 Kd6 40. Kd2 Bc4 41. Ke3 Bd5 42. Bh7 Ba2 43. Bg6 Bb3 44. Kd3 Ba2 45. Kc3 Bd5 46. Bd3 Bf7 47. Bc4 Bh5 48. Bg8 Bg4 1/2-1/2

[Event "Platja d'Aro Legends rapid"]
[Site "Platja d'Aro"]
[Date "2019.06.25"]
[Round "2"]
[White "Karpov, Anatoly"]
[Black "Ljubojevic, Ljubomir"]
[Result "0-1"]
[WhiteElo "2617"]
[BlackElo "2571"]
[PlyCount "66"]
[EventDate "2019.06.25"]
[EventType "tourn (rapid)"]
[EventRounds "12"]
[EventCountry "ESP"]
[EventCategory "12"]
[SourceTitle "CBM 191 Extra"]
[Source "ChessBase"]
[SourceDate "2019.09.30"]
[SourceVersion "1"]
[SourceVersionDate "2019.09.30"]
[SourceQuality "1"]

1. d4 e6 2. c4 Nf6 3. Nc3 Bb4 4. Qc2 d5 5. a3 Bxc3+ 6. Qxc3 0-0 7. Nf3 Nbd7 8. Bf4 b6 9. e3 Ba6 10. Qc2 c5 11. cxd5 Bxf1 12. Kxf1 exd5 13. dxc5 bxc5 14. Rd1 Re8 15. h3 Qb6 16. g4 Qb7 17. Kg2 Rac8 18. Rhe1 h6 19. Re2 Re6 20. Bg3 Ne4 21. Bf4 Rce8 22. Ne1 g5 23. Bh2 d4 24. f3 Nef6 25. e4 Nd5 26. Qd2 N7b6 27. Rc1 Ne3+ 28. Rxe3 dxe3 29. Qe2 Na4 30. Nd3 Qb5 31. Qxe3 c4 32. Nb4 a5 33. Nd5 Qxd5 0-1

[Event "RUS-chT 26th"]
[Site "Sochi"]
[Date "2019.05.08"]
[Round "7.1"]
[White "Karpov, Anatoly"]
[Black "Matlakov, Maxim"]
[Result "1/2-1/2"]
[WhiteElo "2616"]
[BlackElo "2697"]
[PlyCount "54"]
[EventDate "2019.05.01"]
[EventType "team-tourn"]
[EventRounds "9"]
[EventCountry "RUS"]
[SourceTitle "CBM 190 Extra"]
[Source "ChessBase"]
[SourceDate "2019.07.15"]
[SourceVersion "1"]
[SourceVersionDate "2019.07.15"]
[SourceQuality "1"]
[WhiteTeam "Sverdlovskaya Sima Land"]
[BlackTeam "St Petersburg Bronze Horseman"]
[WhiteTeamCountry "RUS"]
[BlackTeamCountry "RUS"]

1. d4 Nf6 2. c4 e6 3. Nc3 Bb4 4. Qc2 0-0 5. a3 Bxc3+ 6. Qxc3 d5 7. Bg5 dxc4 8. Qxc4 b6 9. Rd1 Ba6 10. Qa4 h6 11. Bh4 Qe7 12. Nf3 Rd8 13. e3 Bxf1 14. Rxf1 c5 15. Ke2 Nbd7 16. Ne5 Nxe5 17. dxe5 g5 18. exf6 Qxf6 19. Bg3 Qxb2+ 20. Kf3 Qf6+ 21. Ke2 Qb2+ 22. Kf3 Qf6+ 23. Ke2 Qb2+ 24. Kf3 Qf6+ 25. Ke2 Qb2+ 26. Kf3 Qf6+ 27. Ke2 Qb2+ 1/2-1/2

[Event "Bundesliga 1819"]
[Site "Germany"]
[Date "2019.03.09"]
[Round "12.1"]
[White "Baldauf, Marco"]
[Black "Karpov, Anatoly"]
[Result "1/2-1/2"]
[WhiteElo "2470"]
[BlackElo "2623"]
[PlyCount "112"]
[EventDate "2018.11.10"]
[EventType "team-tourn"]
[EventRounds "15"]
[EventCountry "GER"]
[SourceTitle "CBM 189 Extra"]
[Source "ChessBase"]
[SourceDate "2019.06.03"]
[SourceVersion "1"]
[SourceVersionDate "2019.06.03"]
[SourceQuality "1"]
[WhiteTeam "Berlin SF"]
[BlackTeam "Hockenheim"]
[WhiteTeamCountry "GER"]
[BlackTeamCountry "GER"]

1. d4 Nf6 2. c4 e6 3. Nc3 Bb4 4. Qc2 c5 5. dxc5 Bxc5 6. Bf4 Nc6 7. Nf3 Qa5 8. e3 Bb4 9. Bd3 h6 10. 0-0 e5 11. Bg3 Bxc3 12. bxc3 d6 13. Rab1 0-0 14. Nd2 Qc7 15. f4 Nd7 16. f5 Ne7 17. Be4 Nf6 18. Bd3 Kh8 19. Bh4 Neg8 20. e4 b6 21. Rf3 Ba6 22. Kh1 Nd7 23. g4 f6 24. Bf2 Nc5 25. Bf1 Rac8 26. h4 Qd7 27. Kg1 Rc7 28. Rb4 Rfc8 29. Rg3 Nb7 30. g5 Na5 31. gxh6 gxh6 32. Qd1 Qe8 33. c5 dxc5 34. Bxa6 cxb4 35. Bxc8 Qxc8 36. c4 Nxc4 37. Nxc4 Rxc4 38. Qd5 Rc7 39. Rg6 Qe8 40. Qd2 Qf8 41. Be3 Kh7 42. Kf2 Rb7 43. Kf3 a5 44. Qc1 b5 45. Qc6 Qf7 46. Qc8 Rc7 47. Qd8 Rd7 48. Qxa5 b3 49. axb3 Qxb3 50. Qa8 Rg7 51. Qe8 b4 52. h5 Qd1+ 53. Kf2 Qc2+ 54. Kf3 Qd1+ 55. Kf2 Qc2+ 56. Kf3 Qd1+ 1/2-1/2

[Event "Ekaterinburg m blitz"]
[Site "Ekaterinburg"]
[Date "2018.08.03"]
[Round "2"]
[White "Karpov, Anatoly"]
[Black "Rashkovsky, Nukhim N"]
[Result "1-0"]
[WhiteElo "2623"]
[BlackElo "2483"]
[PlyCount "59"]
[EventDate "2018.08.03"]
[EventType "match (blitz)"]
[EventRounds "4"]
[EventCountry "RUS"]
[SourceTitle "CBM 185 Extra"]
[Source "ChessBase"]
[SourceDate "2018.07.29"]
[SourceVersion "1"]
[SourceVersionDate "2018.07.29"]
[SourceQuality "1"]

1. d4 Nf6 2. c4 e6 3. Nf3 Bb4+ 4. Bd2 Qe7 5. g3 Bxd2+ 6. Qxd2 Nc6 7. Nc3 d5 8. e3 0-0 9. Rc1 Rd8 10. cxd5 exd5 11. Bg2 Ne4 12. Qd1 Bg4 13. h3 Bh5 14. g4 Bg6 15. 0-0 Nxc3 16. Rxc3 Be4 17. Nd2 Bxg2 18. Kxg2 Rd6 19. Qb3 Nd8 20. Nf3 c6 21. Qc2 h5 22. Qf5 hxg4 23. hxg4 Rf6 24. Qe5 Re6 25. Qg3 Rh6 26. g5 Rh5 27. Rcc1 Qe4 28. Rh1 Rxh1 29. Rxh1 Rc8 30. Qh3 1-0

[Event "Platja d'Aro Legends blitz"]
[Site "Platja d'Aro"]
[Date "2018.06.29"]
[Round "5"]
[White "Karpov, Anatoly"]
[Black "Ljubojevic, Ljubomir"]
[Result "1-0"]
[WhiteElo "2623"]
[BlackElo "2571"]
[PlyCount "105"]
[EventDate "2018.06.29"]
[EventType "tourn (blitz)"]
[EventRounds "12"]
[EventCountry "ESP"]
[EventCategory "12"]
[SourceTitle "CBM 185 Extra"]
[Source "ChessBase"]
[SourceDate "2018.07.29"]
[SourceVersion "1"]
[SourceVersionDate "2018.07.29"]
[SourceQuality "1"]

1. d4 Nf6 2. c4 e6 3. Nc3 d5 4. Bg5 Be7 5. e3 h6 6. Bh4 0-0 7. Nf3 Nbd7 8. Rc1 a6 9. c5 Ne4 10. Bxe7 Qxe7 11. b4 Nxc3 12. Rxc3 c6 13. Qc2 e5 14. dxe5 Nxe5 15. Nd4 Qh4 16. Be2 a5 17. b5 cxb5 18. Bxb5 Bg4 19. 0-0 Rfd8 20. Rb1 Bh5 21. Rb2 Bg6 22. Qc1 Be4 23. f3 Bg6 24. Bf1 Qe7 25. Rb6 a4 26. Qb2 Nc4 27. Qb4 Nxe3 28. Rxb7 Qg5 29. c6 Rdc8 30. c7 Kh7 31. Rb8 Nxg2 32. Bxg2 Rxc7 33. Rxa8 Qd2 34. Nb5 Bd3 35. h4 Qe1+ 36. Kh2 Bxb5 37. Qxb5 Qe5+ 38. Kh3 Rxc3 39. Qb4 h5 40. Re8 Qf5+ 41. Kh2 Rc2 42. Qe1 Rxa2 43. Re5 Qf4+ 44. Qg3 Qxg3+ 45. Kxg3 g6 46. Rxd5 a3 47. Ra5 Ra1 48. f4 Kg7 49. Kf2 f5 50. Ra7+ Kf8 51. Bd5 Rd1 52. Bf7 Rd2+ 53. Ke3 1-0

[Event "Platja d'Aro Legends blitz"]
[Site "Platja d'Aro"]
[Date "2018.06.29"]
[Round "6"]
[White "Ljubojevic, Ljubomir"]
[Black "Karpov, Anatoly"]
[Result "0-1"]
[WhiteElo "2571"]
[BlackElo "2623"]
[PlyCount "84"]
[EventDate "2018.06.29"]
[EventType "tourn (blitz)"]
[EventRounds "12"]
[EventCountry "ESP"]
[EventCategory "12"]
[SourceTitle "CBM 185 Extra"]
[Source "ChessBase"]
[SourceDate "2018.07.29"]
[SourceVersion "1"]
[SourceVersionDate "2018.07.29"]
[SourceQuality "1"]

1. c4 Nf6 2. Nc3 e5 3. g3 Bb4 4. Bg2 0-0 5. Qc2 Nc6 6. e3 Bxc3 7. bxc3 d6 8. Ne2 Na5 9. Qa4 c5 10. d3 e4 11. dxe4 Re8 12. f3 Be6 13. Kf2 Bxc4 14. Rd1 b5 15. Qc2 Qc7 16. Nf4 Re5 17. h4 Rd8 18. Rb1 a6 19. a4 h6 20. axb5 axb5 21. Bf1 Qc6 22. Bxc4 Nxc4 23. Qb3 Rb8 24. Ra1 g5 25. Nd3 Ree8 26. hxg5 hxg5 27. g4 Kg7 28. Kg3 Rh8 29. Nf2 Qc7 30. f4 Qc6 31. Qc2 Rbe8 32. Kf3 Nxe4 33. Nxe4 Rxe4 34. Kg3 Nxe3 35. Ra6 gxf4+ 36. Kf3 Rh3+ 37. Ke2 Rh2+ 38. Kf3 Rxc2 39. Rxc6 Nxd1 40. Kxe4 Rxc1 41. Rxd6 Nxc3+ 42. Kxf4 b4 0-1

[Event "Platja d'Aro Legends blitz"]
[Site "Platja d'Aro"]
[Date "2018.06.29"]
[Round "3"]
[White "Vaisser, Anatoli"]
[Black "Karpov, Anatoly"]
[Result "1-0"]
[WhiteElo "2502"]
[BlackElo "2623"]
[PlyCount "63"]
[EventDate "2018.06.29"]
[EventType "tourn (blitz)"]
[EventRounds "12"]
[EventCountry "ESP"]
[EventCategory "12"]
[SourceTitle "CBM 185 Extra"]
[Source "ChessBase"]
[SourceDate "2018.07.29"]
[SourceVersion "1"]
[SourceVersionDate "2018.07.29"]
[SourceQuality "1"]

1. d4 Nf6 2. c4 e6 3. Nc3 Bb4 4. e3 c5 5. Bd3 cxd4 6. exd4 d5 7. cxd5 Nxd5 8. Nge2 Nc6 9. 0-0 0-0 10. Nxd5 exd5 11. Nf4 Bd6 12. Re1 Qf6 13. Nxd5 Qxd4 14. Be3 Qg4 15. h3 Qxd1 16. Raxd1 Be6 17. Be4 Rad8 18. f4 Rfe8 19. Kf2 f5 20. Bf3 Kf7 21. a3 Rd7 22. g4 Red8 23. b4 Bb8 24. Nc3 Rxd1 25. Rxd1 Rxd1 26. Bxd1 g6 27. Bf3 Bc4 28. Na4 Nd8 29. gxf5 gxf5 30. Nc5 b6 31. Nd7 Ke7 32. Nxb8 1-0

[Event "Platja d'Aro Legends rapid"]
[Site "Platja d'Aro"]
[Date "2018.06.25"]
[Round "2"]
[White "Karpov, Anatoly"]
[Black "Ljubojevic, Ljubomir"]
[Result "1-0"]
[WhiteElo "2623"]
[BlackElo "2571"]
[PlyCount "103"]
[EventDate "2018.06.25"]
[EventType "tourn (rapid)"]
[EventRounds "6"]
[EventCountry "ESP"]
[EventCategory "12"]
[SourceTitle "CBM 185 Extra"]
[Source "ChessBase"]
[SourceDate "2018.07.29"]
[SourceVersion "1"]
[SourceVersionDate "2018.07.29"]
[SourceQuality "1"]

1. d4 Nf6 2. c4 e6 3. Nf3 d5 4. Nc3 dxc4 5. Qa4+ c6 6. Qxc4 b5 7. Qb3 Nbd7 8. Bg5 Qa5 9. e3 a6 10. Be2 c5 11. 0-0 Bb7 12. a3 Be7 13. Rfd1 Rc8 14. Rac1 h6 15. Bh4 0-0 16. Qa2 cxd4 17. Nxd4 Qb6 18. Bf3 Ne5 19. Bxb7 Qxb7 20. a4 bxa4 21. Nxa4 Rxc1 22. Rxc1 Rc8 23. Rxc8+ Qxc8 24. Qb1 Qc4 25. Qc2 Qxc2 26. Nxc2 g5 27. Bg3 Nc4 28. f3 Nd5 29. e4 Nf4 30. Bxf4 gxf4 31. Ne1 Bf6 32. Nd3 Bd4+ 33. Kh1 a5 34. g3 fxg3 35. hxg3 Ne5 36. Nxe5 Bxe5 37. Kg2 Kf8 38. f4 Bd4 39. e5 Ke7 40. Kf3 Kd7 41. Ke4 Bf2 42. g4 Kc6 43. Nc3 Kc5 44. Kd3 Kb4 45. Ne4 Bh4 46. Nd6 Bg3 47. Ke4 Kb3 48. Nxf7 Kxb2 49. g5 hxg5 50. fxg5 a4 51. Nd6 Kb3 52. Nb5 1-0

[Event "Platja d'Aro Legends rapid"]
[Site "Platja d'Aro"]
[Date "2018.06.25"]
[Round "1"]
[White "Vaisser, Anatoli"]
[Black "Karpov, Anatoly"]
[Result "1/2-1/2"]
[WhiteElo "2502"]
[BlackElo "2623"]
[PlyCount "64"]
[EventDate "2018.06.25"]
[EventType "tourn (rapid)"]
[EventRounds "6"]
[EventCountry "ESP"]
[EventCategory "12"]
[SourceTitle "CBM 185 Extra"]
[Source "ChessBase"]
[SourceDate "2018.07.29"]
[SourceVersion "1"]
[SourceVersionDate "2018.07.29"]
[SourceQuality "1"]

1. d4 Nf6 2. c4 e6 3. Nc3 Bb4 4. e3 c5 5. Bd3 d5 6. cxd5 Nxd5 7. Nge2 cxd4 8. exd4 Nc6 9. 0-0 Nf6 10. Bc2 h6 11. Qd3 Bd6 12. a3 Ne7 13. Bf4 Bxf4 14. Nxf4 Qd6 15. Qg3 Rg8 16. Rfd1 Nfd5 17. Ba4+ Bd7 18. Bxd7+ Kxd7 19. Nce2 Nxf4 20. Nxf4 Nd5 21. Nxd5 Qxg3 22. hxg3 exd5 23. Rac1 b6 24. Kf1 Rge8 25. Rc3 Rac8 26. Rdc1 Rxc3 27. Rxc3 Re4 28. Rd3 h5 29. f3 Re6 30. Rc3 g5 31. Kf2 f5 32. Re3 Rxe3 1/2-1/2

[Event "Harbin m"]
[Site "Harbin"]
[Date "2018.02.06"]
[Round "6"]
[White "Hou, Yifan"]
[Black "Karpov, Anatoly"]
[Result "1-0"]
[WhiteElo "2654"]
[BlackElo "2623"]
[PlyCount "105"]
[EventDate "2018.02.05"]
[EventType "match (rapid)"]
[EventRounds "6"]
[EventCountry "CHN"]
[SourceTitle "CBM 183"]
[Source "ChessBase"]
[SourceDate "2018.03.14"]
[SourceVersion "1"]
[SourceVersionDate "2018.03.14"]
[SourceQuality "1"]

1. c4 Nf6 2. g3 c6 3. Nf3 d5 4. Bg2 Bf5 5. 0-0 e6 6. cxd5 cxd5 7. d3 Nc6 8. Nc3 d4 9. Nb5 a6 10. Na3 Be7 11. Qb3 0-0 12. Nc4 b5 13. Nce5 Na5 14. Qd1 Rc8 15. Bd2 Qb6 16. Bxa5 Qxa5 17. Nxd4 Qb6 18. Nxf5 exf5 19. d4 Rfd8 20. e3 Nd7 21. Nd3 Rc7 22. a4 Rdc8 23. a5 Qd6 24. b4 Rc4 25. Rb1 g6 26. Nc5 Nxc5 27. bxc5 Qc7 28. Ra1 Rd8 29. Qb3 g5 30. Rfb1 f4 31. Bf1 fxe3 32. fxe3 Ra4 33. Rxa4 bxa4 34. Qb7 Qxb7 35. Rxb7 a3 36. Bc4 Kf8 37. Kf1 g4 38. Ke2 h5 39. c6 Rc8 40. d5 f5 41. Kd3 Bc5 42. Rh7 Kg8 43. Rxh5 Kg7 44. Rxf5 Rb8 45. Rf2 Re8 46. Bxa6 Rxe3+ 47. Kc4 Bd6 48. Bb7 Re4+ 49. Kb3 Rb4+ 50. Ka2 Ra4 51. a6 Ra5 52. Rc2 Bc7 53. d6 1-0